[Event "Championnat de France - Open A"]
[Site "Pau"]
[Date "2008.08.22"]
[Round "10.47"]
[White "Lahilhanne, Philippe"]
[Black "Fourcand, Pierre"]
[Result "0-1"]
[WhiteElo "2051"]
[BlackElo "1933"]
[PlyCount "40"]

1. f4 d5 2. g3 Nf6 3. Bg2 g6 4. Nh3 c5 5. O-O Bg7 6. c4 d4 7. b4 cxb4 8. d3 Qc7
9. Nd2 O-O 10. Nf2 Nc6 11. a3 bxa3 12. Bxa3 Re8 13. Qa4 e5 14. fxe5 Nxe5 15.
Nb3 Bd7 16. Qa5 b6 17. Qd2 Bc6 18. Nxd4 Bxg2 19. Kxg2 Neg4 20. e4 Nxf2 0-1

[Event "Championnat de France - Open A"]
[Site "Pau"]
[Date "2008.08.22"]
[Round "10.48"]
[White "Achereiner, Guillaume"]
[Black "Gaubil, Olivier"]
[Result "1-0"]
[WhiteElo "2025"]
[BlackElo "2154"]
[PlyCount "71"]

1. d4 Nf6 2. c4 g6 3. Nc3 Bg7 4. e4 d6 5. Nf3 O-O 6. Be2 e5 7. O-O Nc6 8. d5
Ne7 9. b4 Nh5 10. Re1 a5 11. bxa5 Rxa5 12. Nd2 Nf4 13. Bf1 f5 14. a4 c5 15. Nb5
Ra6 16. Ra3 Qe8 17. Nc7 Qf7 18. Nxa6 bxa6 19. Rb3 Nh5 20. Rb6 Rd8 21. Qb3 Nf6
22. Rb8 Nd7 23. Ra8 Rf8 24. g3 Bh6 25. Bh3 Kg7 26. Qb2 Bxd2 27. Qxd2 Nb6 28.
Ra7 fxe4 29. Bxc8 Nbxc8 30. Rb7 Kg8 31. Rxe4 Qf3 32. Qe2 Qf6 33. Bh6 Rf7 34.
Rb8 g5 35. Bxg5 Qf5 36. Bxe7 1-0

[Event "Championnat de France - Open A"]
[Site "Pau"]
[Date "2008.08.22"]
[Round "10.49"]
[White "Deschler, Fabrice"]
[Black "Denous, Cyprien"]
[Result "1-0"]
[WhiteElo "2141"]
[BlackElo "2028"]
[PlyCount "105"]

1. d4 d5 2. g3 Nf6 3. Nf3 Nc6 4. Bg2 Bf5 5. O-O Nb4 6. Na3 e6 7. c4 c6 8. Nh4
Bg4 9. h3 Bh5 10. cxd5 exd5 11. Nc2 Nxc2 12. Qxc2 Be7 13. Nf5 O-O 14. Bg5 Bg6
15. e3 Qc7 16. Nxe7+ Qxe7 17. Qb3 Bf5 18. Rac1 Qd7 19. Bxf6 gxf6 20. Kh2 Kh8
21. Qd1 Rg8 22. Qf3 Rg6 23. Qf4 Re8 24. b4 Kg7 25. Rc3 Rh6 26. h4 Rg6 27. f3
Rg8 28. e4 dxe4 29. fxe4 Bg4 30. d5 cxd5 31. exd5 Rd8 32. Be4 f5 33. Rc7 Qd6
34. Bxf5 Bxf5 35. Qxd6 Rgxd6 36. Rxf5 R8d7 37. Rxd7 Rxd7 38. Kh3 f6 39. Kg4 Kg6
40. a3 Rd6 41. Kf4 Rd7 42. g4 h6 43. Ke4 b6 44. Kd4 Rd6 45. a4 Rd8 46. a5 Kf7
47. axb6 axb6 48. g5 hxg5 49. hxg5 Kg6 50. Rxf6+ Kxg5 51. Rf1 Rh8 52. d6 Rh2
53. Kd5 1-0

[Event "Championnat de France - Open A"]
[Site "Pau"]
[Date "2008.08.22"]
[Round "10.50"]
[White "Lewertowski, Gabriel"]
[Black "Lewis, John"]
[Result "1/2-1/2"]
[WhiteElo "2017"]
[BlackElo "2134"]
[PlyCount "138"]

1. e4 c5 2. Nf3 Nc6 3. d3 d6 4. g3 g6 5. Bg2 Bg7 6. O-O e6 7. c3 Nge7 8. Re1
O-O 9. Na3 Qd7 10. d4 cxd4 11. cxd4 d5 12. e5 b6 13. Nc2 a5 14. Ne3 Ba6 15. Ng4
Kh8 16. Bg5 Ng8 17. Nf6 Qb7 18. Qd2 Nce7 19. h4 h6 20. Nxg8 Nxg8 21. Bf6 Bxf6
22. exf6 Kh7 23. h5 Nxf6 24. hxg6+ Kxg6 25. Re5 Kg7 26. Rg5+ Kh7 27. Qf4 Qe7
28. Qh4 Rae8 29. Qh3 Rg8 30. Re5 Bd3 31. Rae1 Qd8 32. Ng5+ Kg7 33. Qxh6+ Kxh6
34. Nxf7+ Kg7 35. Nxd8 Rxd8 36. Rxe6 Rge8 37. Rxe8 Rxe8 38. Rxe8 Nxe8 39. Bxd5
Nc7 40. Bg2 Nb5 41. d5 Kf6 42. f4 Ke7 43. Kf2 Kd6 44. Ke3 Bb1 45. a3 Ba2 46.
Bf1 Nc7 47. Kd4 Bxd5 48. b4 a4 49. Bd3 Bf3 50. Bc2 Bc6 51. Bd3 Bb5 52. Bc2 Bc6
53. Bd3 Nb5+ 54. Bxb5 Bxb5 55. Ke4 Ke6 56. Kd4 Kf5 57. Kd5 Kg4 58. Kd6 Bc4 59.
Kc6 b5 60. Kc5 Kf5 61. Kd4 Kg4 62. Kc5 Bf1 63. Kc6 Bd3 64. Kc5 Kf5 65. Kb6 Ke4
66. Kc5 Bc4 67. Kc6 Kf5 68. Kc5 Ke4 69. Kc6 Kf5 1/2-1/2

[Event "Championnat de France - Open A"]
[Site "Pau"]
[Date "2008.08.22"]
[Round "10.51"]
[White "Leitner, Walter"]
[Black "Bollard, Maxime"]
[Result "1-0"]
[WhiteElo "2126"]
[BlackElo "1980"]
[PlyCount "85"]

1. d4 Nf6 2. c4 g6 3. Nc3 Bg7 4. e4 d6 5. f3 O-O 6. Be3 Nbd7 7. Qd2 c5 8. O-O-O
cxd4 9. Bxd4 a6 10. Kb1 b5 11. cxb5 axb5 12. Bxb5 Qa5 13. Nge2 Nc5 14. Nc1 Be6
15. Bc6 Ra7 16. Bd5 Rb8 17. g4 Nfd7 18. Bxg7 Kxg7 19. h4 Ne5 20. Rhf1 Qb4 21.
Rf2 Kf8 22. Qd4 Qa5 23. Bxe6 Nxe6 24. Qe3 Nc5 25. Rd4 Rab7 26. Rc2 Qa6 27. Ka1
Nc4 28. Qe2 Rb4 29. Nd5 Rxb2 30. Rxb2 Nxb2 31. Qxa6 Nxa6 32. Nb3 e5 33. Rd2 Na4
34. Rc2 N4c5 35. Nxc5 Nxc5 36. Rb2 Rxb2 37. Kxb2 h6 38. Kc3 g5 39. h5 Ke8 40.
Ne3 Kd7 41. Nf5 Ke6 42. Nxh6 Ke7 43. Nf5+ 1-0

[Event "Championnat de France - Open A"]
[Site "Pau"]
[Date "2008.08.22"]
[Round "10.52"]
[White "Bruneau, Francois"]
[Black "Jaulin, Marc"]
[Result "0-1"]
[WhiteElo "2002"]
[BlackElo "2124"]
[PlyCount "142"]

1. e4 c5 2. Nc3 a6 3. g3 b5 4. Bg2 Bb7 5. d3 e6 6. Nh3 Nc6 7. O-O Nd4 8. a4 b4
9. Ne2 d5 10. c3 Nxe2+ 11. Qxe2 Nf6 12. Bg5 Be7 13. e5 Nd7 14. Bxe7 Qxe7 15. c4
Rb8 16. f4 g6 17. b3 O-O 18. Nf2 Rbe8 19. Ng4 Rd8 20. Rac1 h5 21. Ne3 Nb8 22.
f5 d4 23. f6 Qc7 24. Bxb7 Qxe5 25. Be4 dxe3 26. Qxe3 Qd4 27. Rce1 a5 28. Kg2
Qxe3 29. Rxe3 Rd6 30. h3 Nd7 31. g4 h4 32. g5 Rd8 33. Rf4 Ne5 34. Rxh4 Nxd3 35.
Bxd3 Rxd3 36. Rhe4 Kf8 37. Rxd3 Rxd3 38. Re5 Rxb3 39. Rxc5 Ke8 40. Rxa5 Rc3 41.
c5 b3 42. Rb5 Kd7 43. h4 Kc6 44. Kf2 Rh3 45. Kg2 Rc3 46. Rb8 Rc4 47. Rxb3 Rxh4
48. a5 Ra4 49. Rb6+ Kxc5 50. Rb7 Rxa5 51. Rxf7 Kd6 52. Rb7 Rxg5+ 53. Kh3 Rf5
54. f7 e5 55. Rb6+ Kd5 56. Rxg6 Rxf7 57. Kg3 e4 58. Rg8 e3 59. Re8 Kd4 60. Rd8+
Kc3 61. Kg2 e2 62. Re8 Kd2 63. Rd8+ Ke1 64. Rd6 Rg7+ 65. Kh2 Rg5 66. Rd8 Kf2
67. Rf8+ Ke3 68. Re8+ Kf3 69. Re7 Rg4 70. Rf7+ Ke3 71. Kh3 Re4 0-1

[Event "Championnat de France - Open A"]
[Site "Pau"]
[Date "2008.08.22"]
[Round "10.53"]
[White "Billon, Olivier"]
[Black "Noizat, Pierre"]
[Result "1/2-1/2"]
[WhiteElo "1999"]
[BlackElo "2045"]
[PlyCount "40"]

1. e4 c6 2. d4 d5 3. exd5 cxd5 4. c4 Nf6 5. Nc3 Nc6 6. Nf3 Bg4 7. cxd5 Nxd5 8.
Qb3 Bxf3 9. gxf3 e6 10. Qxb7 Nxd4 11. Bb5+ Nxb5 12. Qc6+ Ke7 13. Qxb5 Qd7 14.
Nxd5+ Qxd5 15. Qxd5 exd5 16. O-O f6 17. Rd1 Ke6 18. Be3 Bd6 19. Rd3 Rhd8 20.
Re1 Kf7 1/2-1/2

[Event "Championnat de France - Open A"]
[Site "Pau"]
[Date "2008.08.22"]
[Round "10.54"]
[White "Bekhouche, Christophe"]
[Black "Coustance, Kevin"]
[Result "0-1"]
[WhiteElo "1973"]
[BlackElo "2034"]
[PlyCount "54"]

1. Nf3 c5 2. g3 Nc6 3. Bg2 g6 4. O-O Bg7 5. d3 d6 6. c3 e5 7. e4 Nge7 8. Na3
O-O 9. Nc2 f5 10. Ne3 Kh8 11. Nd5 Be6 12. Ng5 Bg8 13. f4 h6 14. Nh3 Qd7 15. Be3
c4 16. fxe5 Nxe5 17. Nxe7 Qxe7 18. d4 Ng4 19. Bd2 Rae8 20. exf5 gxf5 21. Re1
Qd7 22. Qf3 Nf6 23. Nf4 Kh7 24. Qxb7 Qxb7 25. Bxb7 Rb8 26. Re7 Rf7 27. Rae1
Rxb7 0-1

[Event "Championnat de France - Open A"]
[Site "Pau"]
[Date "2008.08.22"]
[Round "10.55"]
[White "Lograda, Alexis"]
[Black "Dubocage, Claude"]
[Result "1/2-1/2"]
[WhiteElo "2033"]
[BlackElo "1970"]
[PlyCount "39"]

1. e4 g6 2. d4 d6 3. Nc3 Bg7 4. Be3 Nc6 5. Bc4 e5 6. Nge2 exd4 7. Nxd4 Ne5 8.
Be2 Nf6 9. h3 a6 10. a4 Bd7 11. O-O Qe7 12. Qd2 O-O 13. Bg5 Be6 14. Rfe1 Qd7
15. Nxe6 fxe6 16. f4 Nf7 17. Bh4 c6 18. Bxf6 Bxf6 19. e5 Bh4 20. Rf1 1/2-1/2

[Event "Championnat de France - Open A"]
[Site "Pau"]
[Date "2008.08.22"]
[Round "10.56"]
[White "Budin, Florent"]
[Black "Bressac, Stephane"]
[Result "0-1"]
[WhiteElo "1973"]
[BlackElo "2028"]
[PlyCount "84"]

1. d4 Nf6 2. Nf3 g6 3. c4 Bg7 4. g3 O-O 5. Bg2 c5 6. d5 d6 7. Nc3 e5 8. O-O a6
9. a4 Ne8 10. e4 f5 11. Ng5 h6 12. Ne6 Bxe6 13. dxe6 Nc6 14. Nd5 Nc7 15. exf5
gxf5 16. Nxc7 Qxc7 17. Bd5 Qe7 18. Qh5 Rf6 19. Ra3 Nd4 20. Kh1 Kh8 21. g4 fxg4
22. Qxg4 Nxe6 23. Rb3 Rb8 24. Qe4 b5 25. axb5 Nd4 26. Rh3 Qd7 27. Qh4 axb5 28.
Bg5 Rg6 29. f4 exf4 30. Rg1 Qf5 31. Bxh6 Rxg1+ 32. Kxg1 Qb1+ 33. Kg2 Qxb2+ 34.
Qf2 Qxf2+ 35. Kxf2 Bxh6 36. Rxh6+ Kg7 37. Rxd6 bxc4 38. Rd7+ Kf6 39. Bxc4 Rb2+
40. Kf1 Nf3 41. Be2 Nxh2+ 42. Ke1 f3 0-1

[Event "Championnat de France - Open A"]
[Site "Pau"]
[Date "2008.08.22"]
[Round "10.57"]
[White "Armand, Jerome"]
[Black "Milesi, Laurent"]
[Result "1-0"]
[WhiteElo "2020"]
[BlackElo "2145"]
[PlyCount "86"]

1. e4 b6 2. d4 Bb7 3. Nc3 e6 4. Nf3 Bb4 5. Bd3 Nf6 6. Qe2 d5 7. e5 Ne4 8. Bd2
Nxd2 9. Qxd2 a6 10. O-O c5 11. Qf4 h6 12. a3 Bxc3 13. bxc3 c4 14. Be2 Qe7 15.
Qg3 g6 16. Rfe1 Nd7 17. Nd2 b5 18. Bg4 Nb6 19. f4 O-O-O 20. Qe3 Bc6 21. a4 Nxa4
22. Reb1 Qa7 23. Bf3 Qa8 24. g4 Nb6 25. Ra5 Rd7 26. f5 gxf5 27. gxf5 Na4 28.
Kh1 Rg8 29. Qxh6 Nxc3 30. Rba1 Ne4 31. Nxe4 dxe4 32. Rxa6 Qb7 33. fxe6 fxe6 34.
Qxe6 Bd5 35. Qxd5 Rg1+ 36. Kxg1 Rg7+ 37. Bg2 Rxg2+ 38. Kxg2 Qxd5 39. Ra8+ Kd7
40. R1a7+ Ke6 41. Re8+ Kf5 42. Rf8+ Kg6 43. Kg3 Qxd4 {suite illislble} 1-0

[Event "Championnat de France - Open A"]
[Site "Pau"]
[Date "2008.08.22"]
[Round "10.58"]
[White "Lemoine, Benoit"]
[Black "Zeller, Olivier"]
[Result "1-0"]
[WhiteElo "2092"]
[BlackElo "2011"]
[PlyCount "99"]

1. e4 d6 2. d4 Nf6 3. Nc3 g6 4. Be3 c6 5. Qd2 b5 6. f3 Bg7 7. Bh6 Bxh6 8. Qxh6
Qa5 9. g4 d5 10. e5 Nfd7 11. Qg7 Rf8 12. e6 fxe6 13. Qxh7 Nb6 14. Qxg6+ Kd8 15.
Qg7 N8d7 16. Kf2 Qb4 17. Rb1 e5 18. dxe5 Qd4+ 19. Kg2 Qxe5 20. Qxe5 Nxe5 21. b3
b4 22. Nd1 c5 23. Nf2 Bb7 24. Nd3 Nxd3 25. Bxd3 d4 26. Re1 Nd5 27. Be4 e6 28.
h4 Kc7 29. Bxd5 Bxd5 30. Kg3 Kd6 31. Rh2 e5 32. Rf2 c4 33. Nh3 cxb3 34. axb3
Rac8 35. Ng5 Rc3 36. Ne4+ Bxe4 37. Rxe4 Rfc8 38. Ree2 Kd5 39. g5 e4 40. Rxe4
Rxc2 41. Rxc2 Rxc2 42. g6 d3 43. Re8 Rc6 44. Rd8+ Ke5 45. h5 Kf6 46. Rxd3 Kg5
47. Rd5+ Kh6 48. Kg4 Rc1 49. Rd8 Rg1+ 50. Kf5 1-0

[Event "Championnat de France - Open A"]
[Site "Pau"]
[Date "2008.08.22"]
[Round "10.59"]
[White "Baudon, Sebastien"]
[Black "Lamouille, Patrick"]
[Result "0-1"]
[WhiteElo "2009"]
[BlackElo "2052"]
[PlyCount "62"]

1. g3 g6 2. Bg2 Bg7 3. c4 d6 4. Nc3 e5 5. Nf3 Nc6 6. O-O Nge7 7. d3 O-O 8. e4
h6 9. Kh1 f5 10. h3 Be6 11. Nd5 Qd7 12. Kh2 Kh7 13. Rb1 fxe4 14. dxe4 Na5 15.
b3 b6 16. Qd3 Nb7 17. Rb2 Nc5 18. Qe3 a5 19. Rd2 Rf7 20. a3 a4 21. b4 Nb3 22.
Rd3 Raf8 23. Bb2 Nc6 24. Rfd1 Nbd4 25. Bxd4 Nxd4 26. Nh4 Rxf2 27. Nf4 Ra2 28.
Nhxg6 Rf6 29. Nxe6 Qxe6 30. Nh4 Rff2 31. g4 Bf6 0-1

[Event "Championnat de France - Open A"]
[Site "Pau"]
[Date "2008.08.22"]
[Round "10.60"]
[White "Brunstein, Sandrine"]
[Black "Eid, Maha"]
[Result "1-0"]
[WhiteElo "2049"]
[BlackElo "1953"]
[PlyCount "69"]

1. e4 c5 2. Nf3 e6 3. c3 d5 4. e5 d4 5. Bd3 Nc6 6. O-O Nge7 7. Na3 Nd5 8. Be4
Be7 9. cxd4 cxd4 10. d3 O-O 11. Nc4 b5 12. Ncd2 Bb7 13. Re1 Rc8 14. a3 Qb6 15.
Nf1 Rfd8 16. Ng5 g6 17. Nf3 b4 18. Bxd5 Rxd5 19. Qd2 Bf8 20. Qf4 Bg7 21. Qg3
Qb5 22. Bf4 Qxd3 23. axb4 Qb3 24. N1d2 Qxb4 25. Ne4 d3 26. Bd2 Qb6 27. Bc3 Nb4
28. Red1 Nc2 29. Rac1 Rcd8 30. Nf6+ Bxf6 31. exf6 Rf5 32. Ne5 Ba6 33. h4 h5 34.
Nxg6 Kh7 35. Nf8+ 1-0

[Event "Championnat de France - Open A"]
[Site "Pau"]
[Date "2008.08.22"]
[Round "10.61"]
[White "Sauvadet, Herve"]
[Black "Bornhauser, Eric"]
[Result "1-0"]
[WhiteElo "2041"]
[BlackElo "1985"]
[PlyCount "102"]

1. e4 c5 2. Nc3 Nc6 3. g3 g6 4. Bg2 Bg7 5. d3 d6 6. f4 e6 7. Nf3 Nge7 8. O-O
O-O 9. Be3 Nd4 10. Rb1 Rb8 11. Ne2 Nxe2+ 12. Qxe2 b6 13. c4 d5 14. Bf2 Bb7 15.
Rfe1 dxe4 16. dxe4 Qc7 17. Red1 Rfd8 18. b3 Rxd1+ 19. Rxd1 Rd8 20. Rd3 Rd7 21.
Qd2 Bc6 22. e5 Kf8 23. g4 h6 24. Bg3 Rxd3 25. Qxd3 Qd7 26. Ne1 Qxd3 27. Nxd3
Bxg2 28. Kxg2 Nc6 29. Kf3 Ke7 30. Bh4+ Kd7 31. Ke4 Ke8 32. f5 Bf8 33. Bf2 Bg7
34. Be1 Bf8 35. Bc3 Bg7 36. Nf4 gxf5+ 37. gxf5 exf5+ 38. Kxf5 Ne7+ 39. Ke4 Nc6
40. a3 a6 41. Nd5 Bf8 42. Nxb6 Ke7 43. Kd5 Nd4 44. Bxd4 cxd4 45. Kxd4 Ke6 46.
b4 Bg7 47. h3 Bxe5+ 48. Ke4 f5+ 49. Kf3 Kd6 50. c5+ Kc6 51. Nc4 Kb5 1-0

[Event "Championnat de France - Open A"]
[Site "Pau"]
[Date "2008.08.22"]
[Round "10.62"]
[White "Cao, Philippe"]
[Black "Schweitzer, Adrien"]
[Result "1/2-1/2"]
[WhiteElo "1991"]
[BlackElo "2041"]
[PlyCount "22"]

1. e4 e5 2. Nf3 Nc6 3. Bb5 f5 4. Bxc6 dxc6 5. Nc3 Nf6 6. Qe2 fxe4 7. Nxe4 Bg4
8. h3 Bxf3 9. Qxf3 Nxe4 10. Qxe4 Qd4 11. Qe2 O-O-O 1/2-1/2

[Event "Championnat de France - Open A"]
[Site "Pau"]
[Date "2008.08.22"]
[Round "10.63"]
[White "Peyre, Thomas"]
[Black "Batteux, Mickael"]
[Result "0-1"]
[WhiteElo "1922"]
[BlackElo "2030"]
[PlyCount "106"]

1. e4 e6 2. d4 d5 3. Nd2 c5 4. exd5 Qxd5 5. Bc4 Qxg2 6. Qf3 Qxf3 7. Ngxf3 Nf6
8. Rg1 cxd4 9. Nxd4 a6 10. a4 Bd7 11. N2f3 Nc6 12. c3 Nxd4 13. Nxd4 Rc8 14. Bb3
g6 15. Bg5 Be7 16. Bc2 Nd5 17. Bxe7 Nxe7 18. O-O-O Nd5 19. Nf3 Nf6 20. Ne5 Ke7
21. Rd4 Rhd8 22. Rgd1 Be8 23. Nc4 Rxd4 24. Rxd4 Rd8 25. Rxd8 Kxd8 26. Nd6 Kc7
27. Nxe8+ Nxe8 28. Kd2 Nf6 29. f3 Kd6 30. Ke2 Nd5 31. Kf2 Kc5 32. h4 h6 33. Bd3
g5 34. Kg3 f5 35. hxg5 hxg5 36. Kf2 b5 37. Bc2 b4 38. cxb4+ Nxb4 39. Bb3 Nd5
40. Ke2 Kd4 41. Kf2 a5 42. Kg3 Ke3 43. Bc4 Kd4 44. Bb5 Nb6 45. Be8 Nc4 46. b3
Nd2 47. f4 g4 48. b4 axb4 49. a5 b3 50. a6 b2 51. a7 b1=Q 52. a8=Q Ne4+ 53. Kh4
Qh1# 0-1

[Event "Championnat de France - Open A"]
[Site "Pau"]
[Date "2008.08.22"]
[Round "10.64"]
[White "Charpentier, Denis"]
[Black "Gretry, Patrice"]
[Result "0-1"]
[WhiteElo "1974"]
[BlackElo "2029"]
[PlyCount "84"]

1. e4 c5 2. Nf3 Nc6 3. Bb5 g6 4. O-O Bg7 5. c3 Qb6 6. Na3 Nf6 7. Re1 O-O 8. d4
d6 9. h3 a6 10. Bf1 Rd8 11. Nc4 Qc7 12. a4 b6 13. a5 b5 14. Nb6 Ra7 15. c4 b4
16. Nxc8 Rxc8 17. e5 dxe5 18. dxe5 Rd8 19. Qe2 Ne8 20. Qe4 Nxa5 21. Bf4 e6 22.
Bg5 Rd7 23. Qh4 Nc6 24. Bf6 Nd4 25. Ng5 h6 26. Ne4 Nc2 27. g4 Nxa1 28. Rxa1 Rd4
29. Re1 Nxf6 30. exf6 Qd8 31. Qg3 Rxe4 32. Rxe4 Bxf6 33. Qe3 Bd4 34. Qxh6 Bxb2
35. h4 Bg7 36. Qe3 Bd4 37. Qg3 Rb7 38. Bd3 b3 39. g5 b2 40. Bb1 Qb8 41. Qg2 Rb4
42. Qf1 Qg3+ 0-1

[Event "Championnat de France - Open A"]
[Site "Pau"]
[Date "2008.08.22"]
[Round "10.65"]
[White "Busson, Benoist"]
[Black "Brih, Touatia"]
[Result "1-0"]
[WhiteElo "2028"]
[BlackElo "1934"]
[PlyCount "118"]

1. e4 c5 2. Nc3 Nc6 3. g3 g6 4. Bg2 Bg7 5. d3 d6 6. Be3 Rb8 7. Qd2 e6 8. Nge2
b5 9. O-O Nd4 10. Nd1 Nxe2+ 11. Qxe2 Ne7 12. h4 h5 13. Qd2 Nc6 14. c3 b4 15.
Bg5 Qa5 16. Bf4 Ne5 17. d4 Nc4 18. Qd3 Ba6 19. dxc5 Ne5 20. Qxd6 Rd8 21. cxb4
Qb5 22. Qc7 Rd7 23. Qa5 Qxa5 24. bxa5 Bxf1 25. Kxf1 O-O 26. Ke2 Nc4 27. Rb1
Nxa5 28. Bd6 Rc8 29. e5 f6 30. b4 Nc4 31. c6 Rf7 32. Rc1 Nxe5 33. f4 Ng4 34. c7
Bf8 35. Bb7 Bxd6 36. Bxc8 Rxc7 37. Bxe6+ Kf8 38. Rxc7 Bxc7 39. Bxg4 hxg4 40.
Ne3 f5 41. Nd5 Bd6 42. Kd3 Ke8 43. a4 a6 44. b5 axb5 45. axb5 Kd7 46. Kc4 Kc8
47. Kd4 Kb7 48. Ne3 Bc7 49. Kd5 Kb6 50. Ke6 Kxb5 51. Kf6 Bb6 52. Nf1 Kc6 53.
Kxg6 Kd6 54. Kxf5 Ke7 55. Kxg4 Kf6 56. Kf3 Kg6 57. g4 Bd8 58. h5+ Kh6 59. Ng3
Be7 1-0

[Event "Championnat de France - Open A"]
[Site "Pau"]
[Date "2008.08.22"]
[Round "10.66"]
[White "Licayan, Albert"]
[Black "Rodon, Gurvan"]
[Result "0-1"]
[WhiteElo "2139"]
[BlackElo "1989"]
[PlyCount "129"]

1. d4 Nf6 2. Bg5 e6 3. e4 h6 4. Bxf6 Qxf6 5. Nf3 b6 6. Bd3 Bb7 7. Nbd2 d6 8.
Qe2 g5 9. h3 Bg7 10. c3 Qe7 11. Nf1 Nd7 12. Ne3 h5 13. Qc2 O-O-O 14. Qa4 Kb8
15. O-O-O Bh6 16. Kb1 g4 17. hxg4 Bxe3 18. fxe3 hxg4 19. Nd2 Nf6 20. Qb5 e5 21.
d5 Qf8 22. Be2 Qg7 23. a4 Qg5 24. Qd3 Rh4 25. Rxh4 Qxh4 26. Rf1 Rh8 27. Ka2 Qg5
28. Rf5 Qg6 29. c4 Bc8 30. Rf1 a5 31. Rb1 Nd7 32. Nb3 Nf6 33. Nd2 Nxe4 34. Nxe4
Bf5 35. Rg1 Bxe4 36. Qc3 Rh2 37. Bf1 Qf6 38. Qe1 Qh4 39. g3 Qf6 40. Be2 Qg5 41.
Bd1 Bd3 42. Bb3 Re2 43. Qc3 Rxe3 44. Qd2 f6 45. Qh2 Qg7 46. Qd2 Rf3 47. Bd1
Bxc4+ 48. b3 Rf1 49. Rxf1 Bxf1 50. b4 Bc4+ 51. Ka3 Qf7 52. Bb3 Bxb3 53. Kxb3 c6
54. Qh6 Qxd5+ 55. Kb2 Qf7 56. Qh8+ Kb7 57. Qd8 d5 58. bxa5 bxa5 59. Qxa5 Qc7
60. Qc3 Qb6+ 61. Ka2 Qf2+ 62. Kb1 Qd4 63. Qa3 c5 64. Qc1 Qb4+ 65. Ka2 0-1

[Event "Championnat de France - Open A"]
[Site "Pau"]
[Date "2008.08.22"]
[Round "10.67"]
[White "Kirk, Jason"]
[Black "Jacquot, David"]
[Result "1-0"]
[WhiteElo "1979"]
[BlackElo "2087"]
[PlyCount "130"]

1. d4 f5 2. Bg5 Nf6 3. Bxf6 exf6 4. e3 c6 5. c3 d5 6. Bd3 Bd6 7. Qh5+ g6 8. Qf3
Be6 9. h4 Qd7 10. Nd2 Na6 11. Ne2 Nc7 12. Nb3 O-O-O 13. Nc5 Bxc5 14. dxc5 Bf7
15. Nd4 Qe7 16. b4 Qe5 17. Kd2 a6 18. a4 Qe7 19. g3 Be6 20. Rhb1 Bd7 21. Qe2
Ne6 22. Bxa6 Kc7 23. Bd3 Ra8 24. a5 Ra7 25. Qf3 Rha8 26. Qd1 Kd8 27. Rb2 Ke8
28. Qa4 Kf7 29. Rba2 Nc7 30. Qd1 Kg7 31. Qe2 Bc8 32. Qf3 h5 33. Qe2 Kh7 34. Kc1
Kg7 35. Bb1 Bd7 36. Bd3 Bc8 37. Kb2 Kh7 38. Rh1 Kg7 39. Raa1 Bd7 40. Rag1 Re8
41. Qc2 Qf7 42. Qd1 Re7 43. Re1 Kh7 44. Qf3 Kg7 45. Qf4 Bc8 46. Ra1 Ra8 47. a6
Nxa6 48. Bxa6 bxa6 49. Nxc6 Re4 50. Qd6 Re6 51. Nd8 Rxd6 52. Nxf7 Rc6 53. Nd6
Be6 54. Ra5 Kf8 55. Rha1 Ke7 56. Nb5 Bc8 57. Nd4 Rc7 58. c6 Kd6 59. Nb5+ axb5
60. Rxa8 Rxc6 61. R1a5 g5 62. Rxb5 gxh4 63. gxh4 Ke5 64. Rc5 Rxc5 65. bxc5 Bb7
1-0

[Event "Championnat de France - Open A"]
[Site "Pau"]
[Date "2008.08.22"]
[Round "10.68"]
[White "Muratet, Lucas"]
[Black "Moullier, Igor"]
[Result "1-0"]
[WhiteElo "1934"]
[BlackElo "2041"]
[PlyCount "63"]

1. e4 e6 2. d3 d5 3. Nd2 c5 4. Ngf3 Nc6 5. g3 Bd6 6. Bg2 Nge7 7. O-O O-O 8. Re1
Qc7 9. c3 f6 10. Nf1 b5 11. a4 b4 12. Ne3 Ba6 13. exd5 exd5 14. Nh4 d4 15. Nef5
Nxf5 16. Nxf5 Rae8 17. Bh6 Rxe1+ 18. Qxe1 gxh6 19. Qe6+ Kh8 20. Nxd6 Ne5 21.
cxd4 cxd4 22. Nf7+ Qxf7 23. Qxa6 Qb3 24. Qd6 Kg7 25. Qxd4 Nxd3 26. Bd5 Qxb2 27.
Qxa7+ Kh8 28. Rd1 Qe2 29. Rf1 Qe5 30. Qb7 Rb8 31. Qf7 Nc5 32. Rc1 1-0

[Event "Championnat de France - Open A"]
[Site "Pau"]
[Date "2008.08.22"]
[Round "10.69"]
[White "Zaninetti, Laurent"]
[Black "Hodot, Yves"]
[Result "0-1"]
[WhiteElo "2013"]
[BlackElo "1963"]
[PlyCount "60"]

1. c4 f5 2. g3 g6 3. Bg2 Bg7 4. Nc3 Nf6 5. Nf3 d6 6. O-O O-O 7. d3 e5 8. Rb1 c6
9. b4 Re8 10. b5 h6 11. bxc6 bxc6 12. Qa4 Bd7 13. Ba3 c5 14. Qc2 Nc6 15. e3 Qa5
16. Bc1 e4 17. dxe4 fxe4 18. Nd2 Nb4 19. Rxb4 cxb4 20. Ncxe4 Nxe4 21. Bxe4 Bf5
22. Bxf5 Qxf5 23. e4 Qe5 24. Qa4 a5 25. Kg2 Qd4 26. Qd7 a4 27. h4 b3 28. axb3
a3 29. Nf3 Qa7 30. Qxd6 a2 0-1

[Event "Championnat de France - Open A"]
[Site "Pau"]
[Date "2008.08.22"]
[Round "10.70"]
[White "Ane, Regis"]
[Black "Chizelle, Bernard"]
[Result "1-0"]
[WhiteElo "1993"]
[BlackElo "1960"]
[PlyCount "42"]

1. e4 c5 2. Na3 a6 3. c3 e6 4. f4 d5 5. e5 d4 6. Nf3 b5 7. cxd4 cxd4 8. Bd3 Bb7
9. O-O Nc6 10. Nc2 Qb6 11. b3 Rd8 12. Bb2 b4 13. f5 exf5 14. Bxf5 Bc5 15. e6 f6
16. Nce1 Nge7 17. Bd3 Rd6 18. Rc1 Rxe6 19. Qc2 Bd6 20. Kh1 Be5 21. Bc4 Rd6 {
suite illisible} 1-0

[Event "Championnat de France - Open A"]
[Site "Pau"]
[Date "2008.08.22"]
[Round "10.71"]
[White "Dube, Dimitri"]
[Black "Hurpeau, Jean-Marc"]
[Result "1/2-1/2"]
[WhiteElo "2124"]
[BlackElo "1966"]
[PlyCount "114"]

1. c3 g6 2. d4 Bg7 3. Bg5 Nf6 4. Nd2 d5 5. e3 Nbd7 6. Ngf3 O-O 7. Bd3 Qe8 8.
O-O e5 9. dxe5 Nxe5 10. Nxe5 Qxe5 11. Nf3 Qd6 12. Qc2 Bg4 13. Nd4 c6 14. h3 Bd7
15. Rad1 Rfe8 16. Rfe1 Qc5 17. b4 Qf8 18. a3 a5 19. Nb3 axb4 20. axb4 b6 21. f3
Rec8 22. Ra1 Rxa1 23. Rxa1 Ra8 24. Qb2 Rxa1+ 25. Qxa1 c5 26. Qa7 c4 27. Bxf6
Bxf6 28. Qxd7 cxd3 29. Qxd5 Bxc3 30. Qxd3 Qxb4 31. Qd5 Bf6 32. Nd2 Qc5 33. Qxc5
bxc5 34. Kf1 Kf8 35. Ke2 Ke8 36. Kd3 Kd7 37. Kc4 Kc6 38. Nb3 Be7 39. e4 h6 40.
f4 h5 41. g3 Bf8 42. Nc1 Be7 43. Nd3 Bd6 44. h4 Kb6 45. Kd5 Bf8 46. Ne5 Kb5 47.
Nxf7 c4 48. Ne5 c3 49. Nd3 c2 50. e5 Be7 51. e6 Ba3 52. Ke5 Kc4 53. Ke4 Bc5 54.
Nc1 Bd6 55. Ne2 Bc5 56. Nc1 Bd6 57. Ne2 Bc5 1/2-1/2

[Event "Championnat de France - Open A"]
[Site "Pau"]
[Date "2008.08.22"]
[Round "10.72"]
[White "Pradere, Anthony"]
[Black "Suez-Panama, Gilles"]
[Result "1/2-1/2"]
[WhiteElo "1930"]
[BlackElo "2093"]
[PlyCount "50"]

1. d4 Nf6 2. Nf3 g6 3. Bf4 d6 4. e3 Bg7 5. Bd3 Nbd7 6. h3 c5 7. Nbd2 a6 8. a4
b6 9. O-O Bb7 10. c3 O-O 11. Bh2 Qc7 12. e4 e5 13. Re1 Nh5 14. Bf1 Rad8 15. Rc1
Bc8 16. Qb3 Bh6 17. Bc4 Rde8 18. Bd5 Nf4 19. Bxf4 Bxf4 20. Rcd1 Nf6 21. dxe5
dxe5 22. c4 Rd8 23. Rc1 Rfe8 24. Rc3 Rd6 25. Ra1 a5 1/2-1/2

[Event "Championnat de France - Open A"]
[Site "Pau"]
[Date "2008.08.22"]
[Round "10.73"]
[White "Le Montagner, Yoann"]
[Black "Cramer, Stephen"]
[Result "1-0"]
[WhiteElo "2014"]
[BlackElo "2090"]
[PlyCount "105"]

1. e4 e5 2. f4 Bc5 3. Nf3 d6 4. Bc4 Nf6 5. Nc3 a6 6. fxe5 dxe5 7. d3 O-O 8. Bg5
c6 9. Rf1 Qd6 10. Qd2 h6 11. Bxh6 gxh6 12. Qxh6 Ng4 13. Qg5+ Kh7 14. Qh5+ Qh6
15. Ng5+ Kg8 16. Rxf7 Qxh5 17. Rh7+ Qf7 18. Bxf7+ Rxf7 19. Rxf7 Nxh2 20. Kd2
Ng4 21. Raf1 Nd7 22. R1f3 Nf8 23. Na4 Ne6 24. Nxc5 Nxg5 25. Rf8+ Kg7 26. R3f5
Nh7 27. R5f7+ Kg6 28. Rxh7 Kxh7 29. Nd7 Kg7 30. Rd8 Bxd7 31. Rxa8 Nf6 32. Rb8
b5 33. Ra8 Kf7 34. Rxa6 Nh5 35. Ra7 Ke7 36. g4 Nf6 37. g5 Nh7 38. g6 Nf6 39.
Ke3 Kf8 40. d4 exd4+ 41. Kxd4 Be8 42. g7+ Kg8 43. Ra8 Kf7 44. e5 Ng8 45. e6+
Ke7 46. Ke5 Nh6 47. c3 Ng4+ 48. Kf5 Nh6+ 49. Kg5 Ng8 50. a3 c5 51. b3 c4 52.
bxc4 bxc4 53. Rb8 1-0